| 000 | 00511nam a2200157 i 4500 | ||
|---|---|---|---|
| 001 | bg | ||
| 245 | 0 |
_aKatalog Nakładów Rzeczowych nr 7-20 / _cMin. Budownictwa, Gospodarki Przestrzennej i Komunalnej ; [Centralny Ośr. Badawczo-Rozwojowy Budownictwa Hydrotechnicznego ENERGOPOL]. |
|
| 250 | _aWyd.3. | ||
| 254 | _aKNR7-20 | ||
| 260 |
_aWarszawa : _bWydawnictwa Akcydensowe, _c1987. |
||
| 650 | 9 | _ahydrotechnika | |
| 040 | _cBPK | ||
| 041 | _apl | ||
| 942 | _cKA | ||
| 008 | s pl f |000 0 pol | ||
| 999 |
_c24127 _d24127 |
||
| 856 |
_uhttp://koha.tu.koszalin.pl/cgi-bin/koha/opac-detail.pl?biblionumber=24127 _yKatalog online BPK |
||